Contemporary women''s health : Issues for today and the future

Tallennettuna:
Bibliografiset tiedot
Päätekijä:  Kolander, Cheryl A
Aineistotyyppi: Sách
Kieli:Undetermined
Julkaistu:  Mc Graw Hill  2011
Aiheet:
Tagit: Lisää tagi
Ei tageja, Lisää ensimmäinen tagi!
Thư viện lưu trữ: Trung tâm Thư viện - Trường Đại học Công nghiệp TP. Hồ Chí Minh
LEADER 00499nam a2200157Ia 4500
001 UIH_05117
008 231011s9999 xx 000 0 und d
082 |a  613.04244 
100 |a  Kolander, Cheryl A 
245 0 |a  Contemporary women''s health : Issues for today and the future 
245 0 |c  Kolander, Cheryl A 
260 |b  Mc Graw Hill 
260 |c  2011 
650 |a  Women;  
927 |a Sách 
980 |a Trung tâm Thư viện - Trường Đại học Công nghiệp TP. Hồ Chí Minh